| 000 | 01185nam a2200337Ia 4500 | ||
|---|---|---|---|
| 003 | OSt | ||
| 005 | 20221007123457.0 | ||
| 006 | a|||||r|||| 00| 0 | ||
| 007 | ta | ||
| 008 | 221006b |||||||| |||| 00| 0 eng d | ||
| 020 |
_a0534395678 (pbk) _c _ 30.00 |
||
| 024 | _a11761 | ||
| 037 |
_bMonika, _cTextual |
||
| 040 |
_aPAPL _cPAPL _beng |
||
| 041 |
_2eng _aeng |
||
| 082 | _aB94, P4 | ||
| 100 |
_aFraknoi Andrew _9717272 |
||
| 245 | 0 |
_aVoyages to the planets by Andrew Fraknoi and others _b Morrison David Wolff Sidney |
|
| 250 | _aEd 3 | ||
| 260 |
_aAustralia _bThomson _c2004 |
||
| 300 |
_axv, 418p _ccm. |
||
| 490 | _vIncludes CD-ROM | ||
| 500 | _aAppendix 1-15, 368-405p; Index 408-418p; ^n23/CSL/CARPA/2003-2004/1305(B)^d2004-02-17^mPurchase; ; 2003-04/963^b2004-03-24^c617^d2004-03-20^eRs.9,353.00^fMonika Book Distributors; ; 2004-05-07^bSB^c2004-05-07^dVinay | ||
| 650 | _a Astronomy | ||
| 650 |
_a Planet _9717020 |
||
| 650 | _aMathematics | ||
| 700 |
_a Morrison David _9717273 |
||
| 700 |
_a Wolff Sidney _9717274 |
||
| 942 |
_hB94, P4 _cTEXL _2CC |
||
| 999 |
_c1211952 _d1211952 |
||